| 000 | 01021nam a2200277 i 4500 | ||
|---|---|---|---|
| 001 | 106790 | ||
| 003 | ES-MaACL | ||
| 005 | 20230906184248.0 | ||
| 007 | t| | ||
| 008 | 061226s1971 sp |||| | spa d | ||
| 080 | _a75 Díaz, José (083.82) | ||
| 100 | 1 |
_aDíaz, José. _944132 |
|
| 245 | 1 | 0 |
_aJosé Díaz _b: [exposición, Ateneo de Madrid, Sala de Exposiciones, Santa Catalina 10, diciembre 1971] / _c[texto: Pedro Beltrán]. |
| 260 |
_aMadrid : _bPublicaciones Españolas, _c1971. |
||
| 300 |
_a[24] p. : _bil. ; _c21 x 21 cm. |
||
| 490 | 1 |
_aSerie V, Sala Santa Catalina ; _v11 |
|
| 600 | 1 | 4 |
_aDíaz, José- _vExposiciones. _944133 |
| 610 | 2 | 7 |
_aAteneo de Madrid- _vExposiciones- _y1970-1979. _91921 |
| 655 | 7 |
_2tgfbne _9193628 _aCatálogos de exposiciones |
|
| 700 | 1 |
_aBeltrán, Pedro. _927348 |
|
| 710 | 2 |
_aAteneo de Madrid. _bSala de Santa Catalina. _91964 |
|
| 830 | 0 |
_aSerie V, Sala Santa Catalina ; _v11 _9185299 |
|
| 852 |
_aES-MaACL _j2211-F-33 |
||
| 942 | _2udc | ||
| 999 |
_c106790 _d106790 |
||